| 000 | 00433nam a2200145Ia 4500 | ||
|---|---|---|---|
| 008 | 231129s2013||||xx |||||||||||||| ||spa|| | ||
| 020 | _a978-958-704-756-1 | ||
| 040 | _bspa | ||
| 082 | _a863 S572u | ||
| 100 | _aSierra i Fabra Jordi | ||
| 245 | 0 | _aUna estupenda historia de dragones y princesas [... más o menos] | |
| 260 | _c2013 | ||
| 264 | _aBogotá Colombia : Alfaguara | ||
| 942 |
_2ddc _cBKS |
||
| 999 |
_c25947 _d25947 |
||